Federation of Sabah manufacturers.

Bibliographic Details
Format: Book
Published: Kota Kinabalu: [Federation of Sabah Manufacturers], 1998.
Subjects:
LEADER 00438cam a2200133 7i4500
001 0000009753
005 20010705090000.0
090 0 0 |a M 338.7025   |b FED 
245 0 0 |a Federation of Sabah manufacturers. 
260 0 0 |a Kota Kinabalu:   |b [Federation of Sabah Manufacturers],   |c 1998. 
300 # # |a 120 p. 
650 0 0 |a Manufacturers --   |x Directories --   |z Malaysia (Sabah)  
651 0 0 |a Malaysia  
999 |a 0000010323  |b Directories  |c Malaysia  |e Business Information Centre